00430nam a2200169Ia 450000500170000000800410001702000280005804000190008604100120010508200140011724500440013126000200017530000220019565000190021770000130023685000110024920240404130924.0131103s9999 xx 000 0 und d a81 7170 033 0cRs 39.90 aLoreto College aEnglish a301 bPIN aNew ICSE Principles of CivicscG.R.Hart aNew Delhic2001 a149pb ill,chart. aSocial science aG.R.Hart aLCBED